LEADER 00942nam0-2200289---450- 001 990008391560403321 005 20061004123055.0 035 $a000839156 035 $aFED01000839156 035 $a(Aleph)000839156FED01 035 $a000839156 100 $a20061004d1950----km-y0itay50------ba 101 0 $aita 102 $aIT 200 1 $a<>1848 nell' Italia meridionale$fstudi storici pubblicati a cura della Societa napoletana di storia patria 210 $aNapoli$c[s.n.]$eNapoli$gTip. Torella$d1950 215 $aVIII, 572 p., 12 p. di tav.$cill.$d25 cm. 610 0 $aGuerre di indipendenza. 1848-1866$aItalia meridionale$aSaggi 676 $a945.70833$v19 712 02$aSocietà napoletana di storia patria 801 0$aIT$bUNINA$gRICA$2UNIMARC 901 $aBK 912 $a990008391560403321 952 $aXXXII Ant. 297$b42529$fFSPBC 959 $aFSPBC 996 $a1848 nell' Italia meridionale$9724523 997 $aUNINA LEADER 01416nam0-22003251i-450 001 990002961610403321 005 20220407115130.0 010 $a3-598-11369-2 035 $a000296161 035 $aFED01000296161 035 $a(Aleph)000296161FED01 035 $a000296161 100 $a20000920d1997----km-y0itay50------ba 101 0 $aeng 200 1 $aInternational standard bibliograpich description for electronic resources : revised from the ISBD(CF): International standard bibliographic description for computers files$fInternational Federation of Library Associations and Institutions, IFLA universal bibliographic control and international MARC programme$grecommended by the ISBD(CF) review group 210 $aMnchen$cSaur$dc1997 215 $a109 p.$d24 cm 225 1 $aUBCIM publications ; n.s. , vol. 17 610 0 $aBiblioteconomia$acatalogazione 610 0 $aDescrizione bibliografica$astandardizzazione 676 $a025.324.20 710 02$aInternational Federation of Library Associations and Institutions$0284886 801 0$aIT$bUNINA$gRICA$2UNIMARC 901 $aBK 912 $a990002961610403321 952 $aXXIX-B1-133$b7470$fMAS 959 $aMAS 996 $aInternational standard bibliograpich description for electronic resources : revised from the ISBD(CF): International standard bibliographic description for computers files$92811255 997 $aUNINA DB $aING01